[Event "TechM GCL 2025"]
[Site "Mumbai IND"]
[Date "2025.12.15"]
[Round "2.1"]
[White "Dronavalli, Harika"]
[Black "Injac, Teodora"]
[Result "1/2-1/2"]
[WhiteTitle "GM"]
[BlackTitle "IM"]
[WhiteElo "2466"]
[BlackElo "2421"]
[WhiteTeam "Upgrad Mumba Masters"]
[BlackTeam "Fyers American Gambits"]
[WhiteFideId "5015197"]
[BlackFideId "932400"]
[EventDate "2025.12.14"]
[EventType "team"]

1. g3 c5 2. Bg2 Nc6 3. c4 g6 4. Nf3 Bg7 5. O-O d6 6. Nc3 Bg4 7. h3 Bxf3 8. Bxf3
e6 9. d3 Nge7 10. Bd2 O-O 11. Bg2 Qd7 12. Rb1 d5 13. cxd5 exd5 14. a3 Rac8 15.
h4 h5 16. Bg5 Rfe8 17. Rc1 b6 18. Qa4 d4 19. Ne4 Nd5 20. Qb3 Nce7 21. Rfe1 Kf8
22. Qa2 f5 23. Bxe7+ Rxe7 24. Nxc5 Rxc5 25. Rxc5 bxc5 26. Qxd5 Qxd5 27. Bxd5 Bh6
28. Kf1 Rd7 29. Bf3 Bd2 30. Rd1 Ba5 31. Rc1 Rc7 32. Rc4 Bb6 33. Kg2 Ke7 34. Kf1
Kd6 35. Ke1 Ba5+ 36. Kd1 Bb6 37. Rc1 Rc8 38. b4 Rb8 39. Rc4 Rc8 40. Kc2 Rc7 41.
Kb3 cxb4 42. axb4 a5 43. bxa5 Rxc4 44. Kxc4 Bxa5 45. Bd5 Be1 46. Bf7 Bxf2 47.
Bxg6 Bxg3 48. Kxd4 Bf2+ 49. e3 f4 50. Ke4 fxe3 51. Bxh5 Bxh4 52. Kxe3 Ke5 1/2-1/2

[Event "TechM GCL 2025"]
[Site "Mumbai IND"]
[Date "2025.12.15"]
[Round "2.1"]
[White "Daneshvar, Bardiya"]
[Black "Murzin, Volodar"]
[Result "1-0"]
[WhiteTitle "GM"]
[BlackTitle "GM"]
[WhiteElo "2600"]
[BlackElo "2648"]
[WhiteTeam "Upgrad Mumba Masters"]
[BlackTeam "Fyers American Gambits"]
[WhiteFideId "12576468"]
[BlackFideId "44155573"]
[EventDate "2025.12.14"]
[EventType "team"]

1. e4 e5 2. Nf3 Nc6 3. Bb5 Nf6 4. d3 Bc5 5. c3 O-O 6. O-O Re8 7. Bg5 h6 8. Bh4
a6 9. Ba4 Bf8 10. Nbd2 d6 11. Re1 b5 12. Bc2 Bb7 13. a4 g6 14. b4 Bg7 15. Bb3
Qd7 16. Nf1 Nd8 17. Ne3 Ne6 18. Bxf6 Bxf6 19. h4 h5 20. g3 Bg7 21. Nd5 Qd8 22.
Ra2 c6 23. Ne3 d5 24. Qe2 Qd6 25. axb5 axb5 26. Rea1 d4 27. Rxa8 Bxa8 28. cxd4
Nxd4 29. Nxd4 Qxd4 30. Qa2 Qd7 31. Qa7 Qb7 32. Nc2 Bf8 33. Qe3 Re7 34. Qg5 Kg7
35. Ne3 Kh7 36. Nd5 cxd5 37. Bxd5 Qc7 38. Rxa8 Bg7 39. Ra5 Qd6 40. Rxb5 Rc7 41.
Qe3 Bh6 42. Qf3 Qd7 43. Rc5 Ra7 44. Kg2 Bf8 45. Rc4 Kg7 46. Rc6 Qd8 47. b5 1-0

[Event "TechM GCL 2025"]
[Site "Mumbai IND"]
[Date "2025.12.14"]
[Round "2.2"]
[White "Caruana, Fabiano"]
[Black "Anand, Viswanathan"]
[Result "1-0"]
[WhiteTitle "GM"]
[BlackTitle "GM"]
[WhiteElo "2795"]
[BlackElo "2743"]
[WhiteTeam "Alpine SG Pipers"]
[BlackTeam "Ganges Grandmasters"]
[WhiteFideId "2020009"]
[BlackFideId "5000017"]
[EventDate "2025.12.14"]
[EventType "team"]

1. e4 e5 2. Nf3 Nc6 3. Bb5 a6 4. Ba4 Nf6 5. O-O Nxe4 6. d4 b5 7. Bb3 d5 8. dxe5
Be6 9. c3 Be7 10. Bc2 Bg4 11. Qe1 Nc5 12. Nbd2 Ne6 13. Qe2 O-O 14. Re1 Qd7 15.
h3 Bh5 16. Nf1 Bg6 17. Be3 Na5 18. Rad1 c5 19. Ng3 Rfe8 20. Nf5 Rad8 21. g4 Nc6
22. Be4 Nc7 23. Bf4 Bf8 24. Bc2 Ne6 25. Bg3 d4 26. Be4 Qc8 27. Qc2 dxc3 28. Rxd8
Rxd8 29. bxc3 c4 30. h4 h5 31. gxh5 Bxh5 32. Nd6 Qc7 33. Bh7+ Kh8 34. Qf5 g6 35.
Nxf7+ Kxh7 36. Qxe6 Rd3 37. N3g5+ 1-0

[Event "TechM GCL 2025"]
[Site "Mumbai IND"]
[Date "2025.12.15"]
[Round "2.2"]
[White "Giri, Anish"]
[Black "Keymer, Vincent"]
[Result "1/2-1/2"]
[WhiteTitle "GM"]
[BlackTitle "GM"]
[WhiteElo "2760"]
[BlackElo "2776"]
[WhiteTeam "Alpine SG Pipers"]
[BlackTeam "Ganges Grandmasters"]
[WhiteFideId "24116068"]
[BlackFideId "12940690"]
[EventDate "2025.12.14"]
[EventType "team"]

1. c4 e6 2. Nc3 Bb4 3. e4 Ne7 4. Nf3 Nbc6 5. d4 d5 6. Bd3 O-O 7. O-O dxc4 8.
Bxc4 Na5 9. Bd3 c5 10. a3 Bxc3 11. bxc3 b6 12. Be3 Qc7 13. e5 Nf5 14. Ng5 h6 15.
Ne4 cxd4 16. cxd4 Qe7 17. Qg4 Kh8 18. Nf6 Rd8 19. Bxf5 exf5 20. Qh4 Qf8 21. d5
Ba6 22. Rfd1 Rac8 23. Qh3 Be2 24. Rd4 Rc4 25. Qxf5 gxf6 26. Qxf6+ Kh7 27. Qf5+
Kg8 28. e6 fxe6 29. Qxe6+ Qf7 30. Qxh6 Qg7 31. Qe6+ Qf7 32. Qh6 Qg7 33. Qe6+ Qf7
34. Qh6 1/2-1/2

[Event "TechM GCL 2025"]
[Site "Mumbai IND"]
[Date "2025.12.15"]
[Round "2.2"]
[White "Praggnanandhaa, R"]
[Black "Sindarov, Javokhir"]
[Result "0-1"]
[WhiteTitle "GM"]
[BlackTitle "GM"]
[WhiteElo "2761"]
[BlackElo "2726"]
[WhiteTeam "Alpine SG Pipers"]
[BlackTeam "Ganges Grandmasters"]
[WhiteFideId "25059530"]
[BlackFideId "14205483"]
[EventDate "2025.12.14"]
[EventType "team"]

1. e4 e5 2. Nf3 Nc6 3. Bc4 Nf6 4. d3 Be7 5. O-O O-O 6. Nbd2 d6 7. a3 h6 8. b4
Re8 9. Bb2 Bf8 10. Re1 Ne7 11. Nf1 Ng6 12. Ng3 c6 13. Bb3 a5 14. d4 exd4 15.
Qxd4 Bg4 16. Nd2 Be6 17. c4 axb4 18. axb4 Rxa1 19. Rxa1 b5 20. cxb5 Bxb3 21.
Nxb3 cxb5 22. Qd3 d5 23. Rd1 Nf4 24. Qd2 g5 25. f3 Qb6+ 26. Qd4 Qxd4+ 27. Nxd4
dxe4 28. Nxb5 Re6 29. Nc7 Rc6 30. Bxf6 exf3 31. Be5 Ng6 32. b5 Rc2 33. Bd6 Bxd6
34. Rxd6 Rxc7 35. gxf3 Rc2 36. b6 Rb2 37. Nf5 Ne5 38. Nxh6+ Kh7 39. Rf6 Kg7 40.
Rf5 Rb1+ 41. Kg2 Ng6 42. Rxf7+ Kxh6 43. b7 Rb2+ 44. Kg1 Nh4 45. h3 Kg6 46. Rc7
Nxf3+ 47. Kf1 Kf5 48. Rf7+ Ke4 49. Re7+ Kf4 50. Rc7 Kg3 51. Rc2 Rxb7 0-1

[Event "TechM GCL 2025"]
[Site "Mumbai IND"]
[Date "2025.12.15"]
[Round "2.2"]
[White "Hou, Yifan"]
[Black "Shuvalova, Polina"]
[Result "0-1"]
[WhiteTitle "GM"]
[BlackTitle "IM"]
[WhiteElo "2613"]
[BlackElo "2502"]
[WhiteTeam "Alpine SG Pipers"]
[BlackTeam "Ganges Grandmasters"]
[WhiteFideId "8602980"]
[BlackFideId "24171760"]
[EventDate "2025.12.14"]
[EventType "team"]

1. e4 e5 2. Nf3 Nc6 3. Bb5 a6 4. Ba4 Nf6 5. O-O Be7 6. Re1 b5 7. Bb3 O-O 8. c3
d5 9. d3 dxe4 10. dxe4 Qxd1 11. Bxd1 Be6 12. a4 h6 13. Nbd2 b4 14. Be2 Nd7 15.
Bc4 Bxc4 16. Nxc4 bxc3 17. bxc3 Bc5 18. Be3 Bxe3 19. Nxe3 Ne7 20. Red1 Rfd8 21.
Nd5 Nxd5 22. Rxd5 Nb6 23. Rc5 Nxa4 24. Rxc7 Rd3 25. Nxe5 Rxc3 26. Rxf7 Re8 27.
Rf5 Nc5 28. f3 Nb3 29. Rxa6 Nd4 30. Ng6 Nxf5 31. exf5 Rc5 32. Ra7 Kh7 33. Nh4
Rc4 34. Ng6 Rc5 35. Nh4 Rc4 36. Ng6 Rc5 37. Ne7 Kh8 38. Kf2 Rb5 39. g4 Rb6 40.
Ng6+ Kg8 41. Nf4 Rb2+ 42. Kg3 Rb6 43. Nh5 g5 44. Rg7+ Kh8 45. Rf7 Kg8 46. Rd7
Re2 47. Rg7+ Kf8 48. Rh7 Rbb2 49. Rxh6 Rg2+ 0-1

[Event "TechM GCL 2025"]
[Site "Mumbai IND"]
[Date "2025.12.15"]
[Round "2.2"]
[White "Batsiashvili, Nino"]
[Black "Tsolakidou, Stavroula"]
[Result "1-0"]
[WhiteTitle "GM"]
[BlackTitle "IM"]
[WhiteElo "2462"]
[BlackElo "2479"]
[WhiteTeam "Alpine SG Pipers"]
[BlackTeam "Ganges Grandmasters"]
[WhiteFideId "13602993"]
[BlackFideId "4264312"]
[EventDate "2025.12.14"]
[EventType "team"]

1. d4 Nf6 2. c4 c5 3. d5 b5 4. cxb5 a6 5. e3 e6 6. dxe6 fxe6 7. Nc3 d5 8. Nf3
Be7 9. Be2 O-O 10. O-O axb5 11. Nxb5 Nc6 12. b3 e5 13. Bb2 d4 14. exd4 exd4 15.
a3 Rb8 16. Rc1 Bg4 17. Nbxd4 Nxd4 18. Nxd4 Bxe2 19. Nxe2 Qxd1 20. Rfxd1 Rxb3 21.
Rc2 Rfb8 22. Bc1 Ra8 23. g3 Kf7 24. Kg2 Ra4 25. Rc3 Rxc3 26. Nxc3 Ra6 27. a4 c4
28. Rd4 Bb4 29. Rxc4 Bxc3 30. Rxc3 Rxa4 31. Rc7+ Kg6 32. Bb2 Ra2 33. Bd4 Rd2 34.
Be3 Rd7 35. Rc6 Kf7 36. h3 h5 37. Ra6 g6 38. Bf4 Rd5 39. Bc1 Rb5 40. Ra7+ Ke6
41. Bh6 g5 42. Bg7 Nd5 43. Bd4 Rb4 44. Ra6+ Kf7 45. Be5 Re4 46. Bh8 h4 47. Ra5
Ke6 48. Ra6+ Kf7 49. Kf3 Re7 50. Rd6 Re8 51. Rxd5 Rxh8 52. Rxg5 hxg3 53. Kxg3
Kf6 54. h4 Rb8 55. Ra5 Rb4 56. Ra6+ Kg7 57. f4 Rb5 58. Kg4 Rd5 59. h5 Rb5 60.
h6+ Kh7 61. f5 Rb1 62. Kg5 Rg1+ 63. Kf4 Rg2 64. Ke5 Rf2 65. Rg6 Rf1 66. Ke6 Re1+
67. Kf6 Ra1 68. Ke6 Ra6+ 69. Kf7 Ra7+ 70. Kf6 Ra6+ 71. Kg5 Ra7 72. Re6 Rc7 73.
Re5 Rf7 74. f6 Rf8 75. Re7+ Kh8 76. Kg6 Rg8+ 77. Rg7 Ra8 78. Rh7+ Kg8 79. f7+ 1-0

[Event "TechM GCL 2025"]
[Site "Mumbai IND"]
[Date "2025.12.15"]
[Round "2.2"]
[White "Mendonca, Leon Luke"]
[Black "Sadhwani, Raunak"]
[Result "0-1"]
[WhiteTitle "GM"]
[BlackTitle "GM"]
[WhiteElo "2615"]
[BlackElo "2638"]
[WhiteTeam "Alpine SG Pipers"]
[BlackTeam "Ganges Grandmasters"]
[WhiteFideId "35028561"]
[BlackFideId "35093487"]
[EventDate "2025.12.14"]
[EventType "team"]

1. d4 Nf6 2. c4 e6 3. Bf4 b6 4. a3 Bb7 5. Nc3 Ne4 6. Nxe4 Bxe4 7. f3 Bb7 8. e4
d6 9. Bd3 g6 10. Ne2 Bg7 11. Qd2 Nc6 12. Be3 a5 13. O-O a4 14. Rad1 O-O 15. Kh1
Na5 16. Nc3 Nb3 17. Qf2 f5 18. f4 fxe4 19. Bxe4 Bxe4 20. Nxe4 Qd7 21. Ng5 d5 22.
Qh4 Bf6 23. cxd5 exd5 24. f5 Bxg5 25. Bxg5 Rxf5 26. Rxf5 Qxf5 27. h3 Re8 28. Qg3
c5 29. dxc5 bxc5 30. h4 Nd4 31. Qd6 h6 32. Bf6 Ne6 33. Qd7 Rf8 34. Be7 Rf7 35.
Qc8+ Kh7 36. Bd6 Qg4 37. Re1 Qxh4+ 0-1

[Event "TechM GCL 2025"]
[Site "Mumbai IND"]
[Date "2025.12.14"]
[Round "2.3"]
[White "Gukesh, D"]
[Black "Firouzja, Alireza"]
[Result "0-1"]
[WhiteTitle "GM"]
[BlackTitle "GM"]
[WhiteElo "2754"]
[BlackElo "2762"]
[WhiteTeam "PBG Alaskan Knights"]
[BlackTeam "Triveni Continental Kings"]
[WhiteFideId "46616543"]
[BlackFideId "12573981"]
[EventDate "2025.12.14"]
[EventType "team"]

1. c4 g6 2. g3 Bg7 3. Bg2 c5 4. Nc3 Nc6 5. Nf3 a6 6. O-O Rb8 7. d3 b5 8. cxb5
axb5 9. Be3 b4 10. Na4 d6 11. d4 cxd4 12. Nxd4 Nxd4 13. Bxd4 Nf6 14. b3 O-O 15.
Rc1 Qa5 16. Qd2 Bd7 17. Qe3 Rfe8 18. h3 Qh5 19. g4 Qh4 20. Rc7 Be6 21. Rd1 Rbc8
22. Rxc8 Rxc8 23. Qd2 h5 24. f3 hxg4 25. hxg4 Bh6 26. Qxb4 Bf4 27. Qe1 Qh2+ 28.
Kf1 Nd5 29. Qf2 Rc2 30. Qg1 Qxg1+ 31. Bxg1 Rxa2 32. Rb1 Ne3+ 33. Bxe3 Bxe3 34.
Nc3 Rc2 35. Nd1 Bd4 36. g5 Bf5 37. Nf2 Ra2 38. Rd1 Be3 39. b4 Bc2 0-1

[Event "TechM GCL 2025"]
[Site "Mumbai IND"]
[Date "2025.12.15"]
[Round "2.3"]
[White "Erigaisi, Arjun"]
[Black "Wei, Yi"]
[Result "1/2-1/2"]
[WhiteTitle "GM"]
[BlackTitle "GM"]
[WhiteElo "2775"]
[BlackElo "2754"]
[WhiteTeam "PBG Alaskan Knights"]
[BlackTeam "Triveni Continental Kings"]
[WhiteFideId "35009192"]
[BlackFideId "8603405"]
[EventDate "2025.12.14"]
[EventType "team"]

1. d4 Nf6 2. c4 e6 3. Nf3 d5 4. cxd5 exd5 5. Nc3 c6 6. Bf4 Bf5 7. e3 Nbd7 8. a3
Be7 9. h3 Ne4 10. Bd3 Nxc3 11. bxc3 Bxd3 12. Qxd3 O-O 13. a4 Nb6 14. Nd2 Bd6 15.
Bxd6 Qxd6 16. O-O c5 17. Qb5 Nd7 18. a5 b6 19. Qa4 Rab8 20. Rfb1 Rfc8 21. Qb5
Rc6 22. axb6 Rcxb6 23. Qa5 Rxb1+ 24. Nxb1 Rb7 25. Nd2 g6 26. Nf3 Kg7 27. Ne1 Rb3
28. Nd3 cxd4 29. exd4 Qb6 30. Qxd5 Rxc3 31. Ne5 Nxe5 32. Qxe5+ Qf6 33. Qxf6+
Kxf6 34. Ra6+ Ke7 35. Rxa7+ Ke6 36. d5+ Kf6 37. Kf1 Rc5 38. Rd7 h5 39. Ke2 Ke5
40. Rxf7 Rxd5 41. Ke3 Ra5 42. h4 Ra3+ 43. Ke2 Ra2+ 44. Kd3 Ra3+ 45. Kc2 Ke6 46.
Rf4 Ke5 47. g3 Ra2+ 48. Kd3 Ra3+ 49. Ke2 Ra2+ 50. Kf3 Ra3+ 51. Kg2 Ra8 52. Kh3
Ke6 53. g4 Ra3+ 54. f3 hxg4+ 55. Kxg4 Ra5 56. Rf8 Ke7 57. Rf4 Ke6 58. Kg3 Ke7
59. Kg4 1/2-1/2

[Event "TechM GCL 2025"]
[Site "Mumbai IND"]
[Date "2025.12.15"]
[Round "2.3"]
[White "Dominguez Perez, Leinier"]
[Black "Vidit, Santosh Gujrathi"]
[Result "1/2-1/2"]
[WhiteTitle "GM"]
[BlackTitle "GM"]
[WhiteElo "2738"]
[BlackElo "2708"]
[WhiteTeam "PBG Alaskan Knights"]
[BlackTeam "Triveni Continental Kings"]
[WhiteFideId "3503240"]
[BlackFideId "5029465"]
[EventDate "2025.12.14"]
[EventType "team"]

1. e4 e5 2. Nf3 Nc6 3. Bc4 Bc5 4. c3 Nf6 5. d3 d6 6. O-O a5 7. Re1 Ba7 8. Nbd2
O-O 9. h3 Be6 10. Bb5 Ne7 11. d4 Ng6 12. Ba4 Nh5 13. Nf1 Nhf4 14. Bc2 exd4 15.
cxd4 d5 16. e5 f6 17. Bxf4 Nxf4 18. Qd2 fxe5 19. Rxe5 Qf6 20. Ng5 g6 21. Rae1
Bd7 22. Ne3 c6 23. Nf5 Bxf5 24. Bxf5 gxf5 25. Qxf4 Bb8 26. Nxh7 Kxh7 27. Re7+
Kg8 28. Qf3 Qg5 29. R1e6 Qc1+ 30. Re1 Qg5 31. R1e6 Qc1+ 32. Re1 1/2-1/2

[Event "TechM GCL 2025"]
[Site "Mumbai IND"]
[Date "2025.12.15"]
[Round "2.3"]
[White "Lagno, Kateryna"]
[Black "Zhu, Jiner"]
[Result "0-1"]
[WhiteTitle "GM"]
[BlackTitle "GM"]
[WhiteElo "2508"]
[BlackElo "2579"]
[WhiteTeam "PBG Alaskan Knights"]
[BlackTeam "Triveni Continental Kings"]
[WhiteFideId "14109336"]
[BlackFideId "8608059"]
[EventDate "2025.12.14"]
[EventType "team"]

1. e4 e5 2. Nf3 Nc6 3. Bb5 a6 4. Ba4 Nf6 5. O-O Nxe4 6. d4 b5 7. Bb3 d5 8. dxe5
Be6 9. Be3 Be7 10. c3 O-O 11. Nbd2 Bg4 12. Nxe4 dxe4 13. Qd5 Qxd5 14. Bxd5 exf3
15. Bxc6 fxg2 16. Rfe1 Rab8 17. b4 f6 18. Bd5+ Kh8 19. e6 Rbd8 20. Bxg2 Rd3 21.
Bc5 Bxc5 22. bxc5 Re8 23. e7 Kg8 24. Be4 Rd2 25. Bb7 Kf7 26. Bxa6 Bd7 27. Rab1
c6 28. c4 b4 29. Rxb4 Rxa2 30. Bb7 Rxe7 31. Rxe7+ Kxe7 32. Rb6 Bh3 33. Rb1 Kd7 0-1

[Event "TechM GCL 2025"]
[Site "Mumbai IND"]
[Date "2025.12.15"]
[Round "2.3"]
[White "Khademalsharieh, Sarasadat"]
[Black "Kosteniuk, Alexandra"]
[Result "1/2-1/2"]
[WhiteTitle "IM"]
[BlackTitle "GM"]
[WhiteElo "2414"]
[BlackElo "2483"]
[WhiteTeam "PBG Alaskan Knights"]
[BlackTeam "Triveni Continental Kings"]
[WhiteFideId "12512214"]
[BlackFideId "4128125"]
[EventDate "2025.12.14"]
[EventType "team"]

1. d4 Nf6 2. g3 e6 3. Bg2 c5 4. Nf3 cxd4 5. Nxd4 d5 6. O-O e5 7. Nf3 Nc6 8. c4
d4 9. e3 Be7 10. exd4 exd4 11. Bf4 O-O 12. Ne5 Qb6 13. b3 Bf5 14. Nd2 Rad8 15.
Nxc6 bxc6 16. Qf3 c5 17. Bc7 Qxc7 18. Qxf5 g6 19. Qd3 Ng4 20. Nf3 Bf6 21. h3 Ne5
22. Nxe5 Bxe5 23. h4 f5 24. Bd5+ Kg7 25. f4 Bf6 26. Rae1 Rfe8 27. Kg2 Qa5 28.
Re2 Qc3 29. Qd1 Re3 30. Rxe3 dxe3 31. Qe2 Qd2 32. Bf3 Qxe2+ 33. Bxe2 Rd2 34. Kf3
Bd4 35. Rd1 Rxa2 36. b4 Kf6 37. bxc5 Bxc5 38. Rd5 Ra5 39. h5 gxh5 40. Bd3 Bb6
41. Rxa5 Bxa5 42. Kxe3 Bb6+ 43. Kf3 a5 44. Bc2 Ke6 45. Ke2 Bd8 46. Kf3 h4 47. g4
fxg4+ 48. Kxg4 h5+ 49. Kh3 Kd6 50. f5 Kc5 51. f6 Bxf6 52. Kh2 Kxc4 53. Ba4 Kb4
54. Be8 Be5+ 55. Kh1 Bg3 56. Bxh5 a4 57. Bf7 a3 58. Kg2 Be5 59. Bg8 Bf4 60. Bf7
Be5 61. Bg8 Bf4 62. Bf7 1/2-1/2

[Event "TechM GCL 2025"]
[Site "Mumbai IND"]
[Date "2025.12.15"]
[Round "2.3"]
[White "Dardha, Daniel"]
[Black "Maurizzi, MarcAndria"]
[Result "0-1"]
[WhiteTitle "GM"]
[BlackTitle "GM"]
[WhiteElo "2603"]
[BlackElo "2611"]
[WhiteTeam "PBG Alaskan Knights"]
[BlackTeam "Triveni Continental Kings"]
[WhiteFideId "240990"]
[BlackFideId "36083534"]
[EventDate "2025.12.14"]
[EventType "team"]

1. d4 d5 2. Bf4 Nf6 3. e3 c5 4. dxc5 Nbd7 5. Nf3 Nxc5 6. c4 e6 7. Nc3 Nce4 8.
Nxe4 Nxe4 9. Bd3 Nf6 10. O-O Bd6 11. Bxd6 Qxd6 12. cxd5 exd5 13. h3 O-O 14. Nd4
Bd7 15. Rc1 Qb6 16. Qb3 Qxb3 17. axb3 Rfc8 18. b4 Kf8 19. f3 Ke7 20. g4 g6 21.
Kf2 Kd6 22. h4 a6 23. Ke2 Ne8 24. Ra1 Ng7 25. Ra5 Ne6 26. Kd2 Re8 27. Rc1 Nxd4
28. exd4 Bc6 29. f4 Bd7 30. Rg1 Rac8 31. Rc5 Rcd8 32. Rcc1 Re7 33. f5 Rde8 34.
fxg6 fxg6 35. Rc3 Rf7 36. Rg2 Rf4 37. h5 Rxd4 38. hxg6 hxg6 39. Kc2 g5 40. Bf5
Ba4+ 41. b3 Bb5 42. Rh3 Re2+ 43. Rxe2 Bxe2 44. Rh6+ Kc7 45. Kc3 Rf4 46. Rh7+ Kb8
47. Rg7 Bxg4 48. Bd3 Bf5 49. Rxg5 Bxd3 50. Kxd3 Rxb4 51. Kc3 Rb5 52. Rg7 a5 53.
Rd7 Kc8 54. Rh7 Kb8 55. Rd7 Ka7 56. Rd6 b6 57. Rd7+ Ka6 58. Rd6 Rc5+ 59. Kb2 Kb5
60. Ka3 Ka6 61. Kb2 Kb7 62. Rg6 Rc6 63. Rg5 Rd6 64. Kc3 d4+ 65. Kd3 Kc6 66. Rh5
Rd5 67. Rh6+ Kc5 68. Rg6 b5 69. Kc2 d3+ 70. Kd2 Kb4 71. Ra6 Rh5 72. Kxd3 Rh3+
73. Kc2 Rc3+ 0-1

[Event "TechM GCL 2025"]
[Site "Mumbai IND"]
[Date "2025.12.14"]
[Round "3.1"]
[White "Anand, Viswanathan"]
[Black "Gukesh, D"]
[Result "1-0"]
[WhiteTitle "GM"]
[BlackTitle "GM"]
[WhiteElo "2743"]
[BlackElo "2754"]
[WhiteTeam "Ganges Grandmasters"]
[BlackTeam "PBG Alaskan Knights"]
[WhiteFideId "5000017"]
[BlackFideId "46616543"]
[EventDate "2025.12.14"]
[EventType "team"]

1. e4 c5 2. Nf3 e6 3. d4 cxd4 4. Nxd4 a6 5. c4 Nf6 6. Nc3 Bb4 7. Qd3 Qc7 8. Be2
Nc6 9. Nxc6 dxc6 10. a3 Bd6 11. h3 O-O 12. O-O Rd8 13. Qe3 Be5 14. Rd1 Rxd1+ 15.
Bxd1 Bd7 16. Ne2 Bd6 17. c5 Be7 18. b4 Qe5 19. Nc3 a5 20. Rb1 axb4 21. axb4 Qc7
22. e5 Nd5 23. Qd4 f6 24. f4 Be8 25. Bg4 f5 26. Bf3 h6 27. Be2 g5 28. Nxd5 cxd5
29. Ra1 Qc8 30. Be3 Kg7 31. Kh2 Qb8 32. Qc3 Qd8 33. fxg5 hxg5 34. Bd4 Rc8 35.
Ra7 Qc7 36. Ba6 Bc6 37. b5 Qb8 38. Bxb7 Rc7 39. Bxc6 Rxa7 40. b6 Ra2 41. Bd7 g4
42. c6 Qh8 43. c7 Ra3 44. c8=Q Qh4 45. Bxe6 1-0

[Event "TechM GCL 2025"]
[Site "Mumbai IND"]
[Date "2025.12.16"]
[Round "3.1"]
[White "Keymer, Vincent"]
[Black "Erigaisi, Arjun"]
[Result "1/2-1/2"]
[WhiteTitle "GM"]
[BlackTitle "GM"]
[WhiteElo "2776"]
[BlackElo "2775"]
[WhiteTeam "Ganges Grandmasters"]
[BlackTeam "PBG Alaskan Knights"]
[WhiteFideId "12940690"]
[BlackFideId "35009192"]
[EventDate "2025.12.14"]
[EventType "team"]

1. Nf3 Nf6 2. b3 c5 3. Bb2 Nc6 4. c4 d5 5. cxd5 Nxd5 6. Nc3 e5 7. e3 Nxc3 8.
dxc3 Qxd1+ 9. Rxd1 Bf5 10. Nd2 e4 11. Bb5 Rc8 12. c4 a6 13. Ba4 f6 14. Nf1 Be7
15. Ng3 Bg6 16. O-O Rc7 17. h4 h5 18. Ne2 Bf5 19. Ng3 Bg6 20. f3 exf3 21. gxf3
Kf7 22. Bxc6 Rxc6 23. f4 f5 24. Rd7 b5 25. e4 Rd8 26. Rxd8 Bxd8 27. Nxf5 Bxf5
28. exf5 Rd6 29. Be5 Rd3 30. Kf2 bxc4 31. bxc4 Bxh4+ 32. Ke2 Ra3 33. Rb1 Bf6 34.
Rb7+ Kg8 35. Rb8+ Kh7 36. Rb7 Kg8 37. Rb8+ Kh7 38. Rb7 1/2-1/2

[Event "TechM GCL 2025"]
[Site "Mumbai IND"]
[Date "2025.12.16"]
[Round "3.1"]
[White "Sindarov, Javokhir"]
[Black "Dominguez Perez, Leinier"]
[Result "1-0"]
[WhiteTitle "GM"]
[BlackTitle "GM"]
[WhiteElo "2726"]
[BlackElo "2738"]
[WhiteTeam "Ganges Grandmasters"]
[BlackTeam "PBG Alaskan Knights"]
[WhiteFideId "14205483"]
[BlackFideId "3503240"]
[EventDate "2025.12.14"]
[EventType "team"]

1. c4 c5 2. Nf3 Nf6 3. Nc3 Nc6 4. g3 d5 5. cxd5 Nxd5 6. Bg2 Nc7 7. a3 g6 8. h4
Bg4 9. Qb3 Bg7 10. Qxb7 Bd7 11. Qb3 Rb8 12. Qd1 Be6 13. Qa4 Bd7 14. Qd1 Be6 15.
d3 Nd4 16. Nxd4 cxd4 17. Ne4 Bb3 18. Qd2 f5 19. Ng5 h6 20. Nh3 e5 21. O-O O-O
22. f4 Nd5 23. Qe1 Ne3 24. Bxe3 dxe3 25. Rc1 Bd5 26. Bxd5+ Qxd5 27. fxe5 Bxe5
28. b4 Rbc8 29. Nf4 Qd6 30. Qd1 Kh7 31. Rxc8 Rxc8 32. Qb3 Rc7 33. Kg2 Bxf4 34.
Rxf4 Qe5 35. Rf3 h5 36. b5 Rc1 37. Qf7+ Kh6 38. Qxa7 f4 39. gxf4 Qf5 40. Qxe3
Re1 41. Kf2 Rb1 42. Qe5 1-0

[Event "TechM GCL 2025"]
[Site "Mumbai IND"]
[Date "2025.12.16"]
[Round "3.1"]
[White "Shuvalova, Polina"]
[Black "Lagno, Kateryna"]
[Result "1-0"]
[WhiteTitle "IM"]
[BlackTitle "GM"]
[WhiteElo "2502"]
[BlackElo "2508"]
[WhiteTeam "Ganges Grandmasters"]
[BlackTeam "PBG Alaskan Knights"]
[WhiteFideId "24171760"]
[BlackFideId "14109336"]
[EventDate "2025.12.14"]
[EventType "team"]

1. e4 e5 2. Nf3 d6 3. d4 exd4 4. Nxd4 Nf6 5. Nc3 Be7 6. Be2 O-O 7. O-O Re8 8.
Re1 Bf8 9. Bf1 c6 10. Bf4 b5 11. a3 Qc7 12. Qf3 Nbd7 13. h3 Ne5 14. Qe3 a6 15.
Rad1 h6 16. Qd2 Bd7 17. Bh2 Rad8 18. Kh1 c5 19. Nf5 Be6 20. Qf4 b4 21. Nb1 Nh5
22. Qh4 g6 23. Bxa6 Qc6 24. Bxe5 gxf5 25. Bh2 fxe4 26. Bf1 Ng7 27. Rxe4 d5 28.
Ree1 bxa3 29. Nxa3 c4 30. Qxh6 Qb6 31. Re3 d4 32. Rg3 d3 33. Nxc4 dxc2 34. Rc1
Qxf2 35. Ne3 Bb3 36. Ng4 Rd6 37. Qxd6 Bxd6 38. Nxf2 Bxg3 39. Bxg3 Nf5 40. Bf4
Nd4 41. Bd3 Ba4 42. Kh2 Ne2 43. Bxe2 Rxe2 44. Ng4 Bb3 45. Kg3 Bd5 46. Nf6+ 1-0

[Event "TechM GCL 2025"]
[Site "Mumbai IND"]
[Date "2025.12.16"]
[Round "3.1"]
[White "Tsolakidou, Stavroula"]
[Black "Khademalsharieh, Sarasadat"]
[Result "1/2-1/2"]
[WhiteTitle "IM"]
[BlackTitle "IM"]
[WhiteElo "2479"]
[BlackElo "2414"]
[WhiteTeam "Ganges Grandmasters"]
[BlackTeam "PBG Alaskan Knights"]
[WhiteFideId "4264312"]
[BlackFideId "12512214"]
[EventDate "2025.12.14"]
[EventType "team"]

1. c4 e6 2. g3 d5 3. Bg2 dxc4 4. Qa4+ Nd7 5. Qxc4 c5 6. Nf3 b6 7. O-O Bb7 8. d3
Ngf6 9. Nbd2 Be7 10. b3 O-O 11. Bb2 Rc8 12. Rad1 Qc7 13. Qc2 Nd5 14. a3 Bf6 15.
e4 Bxb2 16. Qxb2 Ne7 17. Nc4 b5 18. Ne3 Ng6 19. b4 c4 20. dxc4 bxc4 21. Nxc4
Qxc4 22. Rxd7 Bxe4 23. Rxa7 Qd5 24. Ra5 Qb7 25. Qe2 Rc2 26. Qe3 Rfc8 27. Ne1
Bxg2 28. Nxg2 h6 29. Rd1 Qc6 30. Nf4 Ne7 31. b5 Qc4 32. b6 Rb2 33. Ra7 Nf5 34.
Qd3 Qc5 35. Rd2 Rxd2 36. Qxd2 Qxb6 37. Rd7 Qb1+ 38. Kg2 Qe4+ 39. Kg1 Rc2 40. Qd1
Qc6 41. Rd8+ Kh7 42. Ne2 Qe4 43. Rd2 Rc7 44. h4 Ra7 45. Ra2 Qc4 46. Ra1 Ra4 47.
h5 Qg4 48. Nc3 Qxd1+ 49. Nxd1 Nd4 50. Nc3 Rc4 51. Nd1 Nc2 52. Ra2 Nd4 53. Ne3
Ra4 54. Kf1 Nb5 55. Nc2 Nc3 56. Rb2 e5 57. Rb3 Rc4 58. Ne3 Rc7 59. Rb4 f6 60.
Rc4 Rxc4 61. Nxc4 Kg8 62. Ke1 Kf7 63. Kd2 Na4 64. Kc2 Ke6 65. Ne3 f5 66. f3 f4
67. gxf4 exf4 68. Ng2 Kf5 69. Kb3 Nb6 70. a4 Kg5 71. a5 Nd7 72. a6 Nc5+ 73. Kc4
Nxa6 74. Kd4 Nc7 75. Ke5 Kxh5 76. Nxf4+ Kg5 77. Ng2 h5 78. f4+ Kg4 79. Ne3+ Kf3
80. Nf5 g6 81. Nh4+ Kg4 82. Nxg6 1/2-1/2